000 00470nam a2200169 4500
005 20260511121209.0
008 260511b |||||||| |||| 00| 0 eng d
020 _a9781032444345
082 _a150.195
_bMAD-P
100 _aMaddux E.James Winstead A.Barbara
245 _aPsychopathology
_bFoundations For A Contemporary Understanding
250 _a6th Ed
260 _aNew York
_bRoutledge Publishers
300 _a717p
650 _aPsychology
942 _cBK
999 _c47563
_d47563